|
|
|
|
| LEADER |
01290nam a2200313 a 4500 |
| 001 |
GR-MES12929 |
| 008 |
070831s gr b 001 0 gre d |
| 020 |
|
|
|a 0471644889
|q (cloth)
|
| 040 |
|
|
|a GrPaTEI
|b gre
|c GR-PaULI
|
| 040 |
|
|
|a GrPaTEI
|b gre
|c GR-PaULI
|
| 082 |
|
0 |
|a 306.342
|2 21
|
| 100 |
1 |
|
|a Baker, Raymond W.,
|d 1935-
|
| 245 |
1 |
0 |
|a Capitalism's achilles heel :
|b Dirty money and how to renew the free-market system /
|c Raymond W. Baker.
|
| 260 |
|
|
|a Hoboken :
|b John Wiley & sons,
|c c2005
|
| 504 |
|
|
|a Περιλαμβάνει βιβλιογραφίες και ευρετήριο.
|
| 650 |
|
0 |
|a Commercial crime
|
| 650 |
|
0 |
|a Corruption
|
| 650 |
|
0 |
|a Poverty
|
| 650 |
|
0 |
|a Utilitarianism
|
| 650 |
|
4 |
|a Διαφθορά
|x Πολιτική
|
| 650 |
|
4 |
|a Εμπορικό έγκλημα
|
| 650 |
|
4 |
|a ΦΤΩΧΕΙΑ
|
| 653 |
|
|
|a Capitalism--Moral and ethical aspects
|
| 653 |
|
|
|a Καπιταλισμός--Ηθική άποψη
|
| 653 |
|
|
|a Φιλοσοφία--Ηθική
|
| 942 |
|
|
|2 ddc
|
| 952 |
|
|
|0 0
|1 0
|2 ddc
|4 0
|6 306_342000000000000_BAK
|7 0
|9 271484
|a MSLG
|b MSLG
|c BSC
|d 2021-01-17
|e 24
|f 0
|g 0.00
|l 0
|o 306.342 BAK
|p 2420000022358
|r 2021-01-17 00:00:00
|t 1
|w 2021-01-17
|y BK15
|x 20070831 0 ΤΣΑΝΤΑΡΛΙΩΤΗ 1
|x GrPaTEI
|
| 971 |
|
|
|a .b25789764
|b 15-04-20
|c 13-09-16
|
| 999 |
|
|
|c 156825
|d 156825
|